| 000 | 00470nam a22001817a 4500 | ||
|---|---|---|---|
| 003 | MPLRDC | ||
| 005 | 20220104144126.0 | ||
| 008 | 210129b ||||| |||| 00| 0 eng d | ||
| 082 | _a868.71 JLD | ||
| 100 | _a丹中华国民型中学师生合著 | ||
| 245 |
_a灯起不灭 _c |
||
| 250 | _a初版 | ||
| 260 |
_a马来西亚 _b中华国民型中学华文学会 _c1990 |
||
| 300 | _b215 | ||
| 490 | _a文苑(四) | ||
| 650 | _a马华文学 | ||
| 942 |
_cBK _o868.71 JLD |
||
| 999 |
_c46602 _d46592 |
||